Statistics for Top 54 World Cities with Nine Letters

Click here to take the quiz!

General Stats

  • This quiz has been taken 67 times
    (38 since last reset)
  • The average score is 33 of 54

Answer Stats

pop
mil
countrycity% Correct
2.50CanadaVancouver
93%
2.38NetherlandsAmsterdam
90%
1.11United StatesMelbourne
90%
4.40AustraliaMelbourne
90%
4.65SpainBarcelona
87%
2.83North KoreaPyongyang
87%
2.08SwedenStockholm
87%
2.20RomaniaBucharest
83%
47.70ChinaGuangzhou
83%
2.78NepalKathmandu
83%
1.83United KingdomLiverpool
83%
1.64FranceMarseille
83%
1.88CambodiaPhnom Penh
83%
3.10NetherlandsRotterdam
83%
7.45IndiaAhmedabad
80%
10.50IndiaBengaluru
80%
7.05ChinaCh{ongqing}
80%
2.43PakistanHyderabad
80%
9.00IndiaHyderabad
80%
1.72SomaliaMogadishu
77%
2.33GermanyStuttgart
77%
3.58BrazilFortaleza
73%
3.00EcuadorGuayaquil
73%
1.87JapanHiroshima
70%
4.65MexicoMonterrey
70%
4.68ChinaZh{engzhou}
70%
2.48VenezuelaMaracaibo
67%
2.80TaiwanKaohsiung
63%
6.90-Singapore
63%
3.08United StatesCleveland
60%
1.56TurkeyGaziantep
60%
3.70ChinaCh{angchun}
57%
1.48NigeriaBe{nin} {City}
53%
1.86BoliviaSanta Cruz
53%
1.41RussiaVolgograd
53%
1.17GermanyNuremberg
50%
1.08ColombiaCartagena
47%
1.54United StatesMilwaukee
47%
1.69IndonesiaPalembang
47%
1.37IndiaAl{lahabad}
43%
2.68ChinaCh{angzhou}
43%
1.31JapanHa{mamatsu}
43%
1.86Dem Rep CongoMbuji-Mayi
43%
2.28United StatesCharlotte
40%
1.06MoroccoMarrakesh
40%
1.28MexicoQu{erétaro}
33%
1.36United StatesNashville
30%
1.06NigeriaMa{iduguri}
27%
1.18IndonesiaPe{kanbaru}
27%
1.22IndonesiaSu{rakarta}
27%
1.09IndiaMo{radabad}
17%
1.16ChinaZh{anjiang}
17%
1.56ChinaXi{angyang}
13%
1.06ChinaZh{enjiang}
13%

Score Distribution

Percentile by Number Answered

Percent of People with Each Score

Your Score History

You have not taken this quiz since the last reset